[Event "Olympiad Women 2024"]
[Site "Budapest HUN"]
[Date "2024.09.14"]
[Round "4.41"]
[Board "4"]
[White "Portelli, Martina"]
[Black "Tec Rodas, Sofia Isavelina"]
[Result "0-1"]
[WhiteElo "1523"]
[BlackElo "1800"]
[PlyCount "104"]
[EventDate "2024.09.11"]
[WhiteTeam "Malta"]
[BlackTeam "Mexico"]
[WhiteTeamCountry "MLT"]
[BlackTeamCountry "MEX"]

1. e4 e5 2. Nf3 Nc6 3. Bc4 Nf6 4. d3 h6 5. c3 d6 6. O-O g5 7. Re1 Bg7 8. Nbd2 g4 9. Nh4 Nxe4 10. dxe4 Qxh4 11. Nf1 Bd7 $146 ({RR} 11... Be6 12. Qb3 Bxc4 13. Qxc4 O-O-O 14. b4 Rd7 15. Ne3 h5 16. a4 Bh6 17. Nf5 Qf6 18. Bxh6 Rxh6 19. Nxh6 Qxh6 20. a5 Nd8 21. a6 b6 22. b5 Qe6 23. Qd3 d5 24. exd5 Rxd5 25. Qh7 Qg6 26. Qh8 {1-0 Gosh,C (2026)-Garcia Almaguer,J (2126) Titled Tue 2nd Jan Early 2024 (9)}) ({RR} 11... O-O 12. Ng3 Be6 13. Nf5 Bxf5 14. exf5 h5 15. Bd5 Qf6 16. h3 Qxf5 17. hxg4 hxg4 18. Re4 Ne7 19. Rxg4 Nxd5 20. Bh6 Kh7 21. Bxg7 Rg8 22. Rh4+ Kxg7 23. Qxd5 Kf6 24. Re1 Rg5 25. Re3 Qg6 26. Rf3+ {1-0 Morales Carlos (2106)-Khodjimatov,S (2109) Titled Tue 22nd Aug Late 2023 (2)}) 12. Ng3 O-O 13. Bb5 h5 14. Nf5 Qf6 15. Nxg7 Qxg7 16. Be3 a6 17. Bf1 Ne7 18. Qd2 Kh7 19. c4 Bc6 20. Bd3 Ng6 21. g3 Rae8 22. Rf1 Qf6 23. f4 exf4 24. Rxf4 Nxf4 25. e5+ Nxd3 26. exf6 Ne5 27. Qf2 Nf3+ 28. Kf1 Re6 29. Bd4 Rfe8 30. Bc3 Re2 31. Qxe2 Rxe2 32. Kxe2 Nxh2 33. Kf2 Nf3 34. Rd1 Kg6 35. Rd3 Be4 36. Re3 Kf5 37. b3 h4 38. gxh4 Kf4 39. Rxe4+ Kxe4 40. Kg3 Kf5 41. h5 Ng5 42. h6 Ne4+ 43. Kh4 Kg6 44. Be1 g3 45. Bxg3 Nxg3 46. Kxg3 Kxh6 47. Kf4 Kg6 48. Kg4 Kxf6 49. Kf4 c6 50. a4 d5 51. cxd5 cxd5 52. Ke3 Ke5 0-1

[Event "Olympiad Women 2024"]
[Site "Budapest HUN"]
[Date "2024.09.14"]
[Round "4.42"]
[Board "1"]
[White "Bwalya Mulwale, Lubuuto"]
[Black "Castillo Beitia, Ashley Alexandra"]
[Result "1-0"]
[WhiteElo "1852"]
[BlackElo "2071"]
[PlyCount "85"]
[EventDate "2024.09.11"]
[WhiteTeam "Zambia"]
[BlackTeam "Panama"]
[WhiteTeamCountry "ZAM"]
[BlackTeamCountry "PAN"]

1. d4 d5 2. c4 c6 3. Nc3 Nf6 4. e3 a6 5. Nf3 b5 6. c5 Bg4 7. Be2 ({RR} 7. Qb3 Nbd7 8. Be2 g6 9. a4 Bg7 10. Qa3 O-O 11. Ne5 Bxe2 12. Nxc6 Qc7 13. Nxe7+ Kh8 14. Nxe2 b4 15. Qb3 Nxc5 16. dxc5 Qxe7 17. Qxb4 Rfb8 18. Qa3 Ne4 19. c6 Qc7 20. O-O Qxc6 21. Qd3 Rb7 {1-0 Shipov,S (2588)-Volkov,S (2628) RUS Cup Qualifier 4 blitz 2004 (12)}) 7... Nbd7 8. Qc2 ({RR} 8. O-O e5 9. h3 Bxf3 10. Bxf3 a5 11. Rb1 Be7 12. b4 O-O 13. Bd2 axb4 14. Rxb4 Ne8 15. a4 bxa4 16. Rxa4 Nc7 17. Be2 Ne6 18. Ba6 Ndxc5 19. dxc5 Nxc5 20. Be2 Nxa4 21. Nxa4 e4 22. Qc2 Qc7 {½-½ Bogenryter,H (1876)-Swierczynski,J (1813) Wroclaw Open B 2024 (5.22)}) 8... Qc7 9. Bd2 a5 $146 ({RR} 9... e5 10. Nxe5 Nxe5 11. dxe5 Qxe5 12. O-O Bf5 13. Qc1 Be7 14. b4 O-O 15. a4 Bg4 16. Bd3 Qh5 17. Qc2 Nd7 18. f3 Be6 19. Ne2 Bf6 20. Bc3 Ne5 21. Nd4 Qh6 22. Bd2 Nxd3 23. Qxd3 Qg6 24. Qxg6 {½-½ Irving,L-Mona,K (2101) Africa-ch U16 Girls 2009 (2)}) 10. a3 e6 11. O-O Be7 12. e4 dxe4 13. Nxe4 Nd5 14. Bg5 N7f6 15. Bxf6 Nxf6 16. Ng3 O-O 17. h3 Bxf3 18. Bxf3 Rad8 19. Rad1 Rd7 20. Rd2 Rfd8 21. Rfd1 Nd5 22. Ne4 Nf4 23. Kf1 Nd5 24. g3 g6 25. Bg2 Rc8 26. Rd3 Qd8 27. Qd2 b4 28. Qe1 bxa3 29. bxa3 Rb8 30. Nd2 Nc7 31. Nc4 Nb5 32. Nxa5 Na7 33. Bxc6 Rc7 34. d5 Bxc5 35. dxe6 Qf6 36. exf7+ Kg7 37. Rf3 Qb2 38. Nc4 Qc2 39. Qe5+ Kh6 40. Qf4+ Kg7 41. Qxc7 Qxd1+ 42. Kg2 Rf8 43. Qe5+ 1-0

[Event "Olympiad Women 2024"]
[Site "Budapest HUN"]
[Date "2024.09.14"]
[Round "4.42"]
[Board "2"]
[White "Chung Hurtado, Yaleika"]
[Black "Likando Namakau"]
[Result "1-0"]
[WhiteElo "1832"]
[BlackElo "1746"]
[PlyCount "101"]
[EventDate "2024.09.11"]
[WhiteTeam "Panama"]
[BlackTeam "Zambia"]
[WhiteTeamCountry "PAN"]
[BlackTeamCountry "ZAM"]

1. d4 Nf6 2. c4 c6 3. Nf3 d5 4. Nc3 Bg4 5. Ne5 Bf5 6. Qb3 Qb6 7. Qxb6 axb6 8. cxd5 Nxd5 9. Nxd5 cxd5 10. e3 f6 11. Bb5+ Bd7 12. Nxd7 Nxd7 13. Bd2 e6 14. O-O Bd6 15. Rfc1 $146 ({RR} 15. Bc3 Ke7 16. Rfe1 f5 17. f3 Nf6 18. a3 h5 19. Rac1 Rhc8 20. Bd3 Kd8 21. e4 fxe4 22. fxe4 Bf4 23. Ra1 Rc7 24. g3 Bh6 25. h3 Rac8 26. e5 Nd7 27. Bg6 h4 28. gxh4 Nb8 29. Re2 Nc6 {1-0 Pence,M-Skidmore,M Detroit ch-MI op 1992}) ({RR} 15. f3 Ke7 16. a3 e5 17. Bc3 g5 18. Rad1 Rhd8 19. Rf2 Nf8 20. Rfd2 Ke6 21. dxe5 Bc5 22. Kf2 fxe5 23. Bc4 Rd7 24. Rxd5 Rxd5 25. Rxd5 Kf6 26. Rxe5 Kg6 27. Bd3+ Kh6 28. g3 Rc8 29. h4 gxh4 {1-0 Schmalohr,H (1788)-Keuter,S (1496) Nettetal Chessgate op 2004 (4)}) 15... Ke7 16. a3 Rhc8 17. Kf1 f5 18. h3 Nf6 19. f3 h5 20. Be1 g5 21. Ke2 f4 22. Bf2 h4 23. Bd3 Rc6 24. e4 Bc7 25. e5 Nd7 26. Bb5 Rxc1 27. Rxc1 Rc8 28. Be1 Kd8 29. Bb4 Ra8 30. Be7+ Kxe7 31. Rxc7 Rd8 32. Rxb7 Ke8 33. Bxd7+ Rxd7 34. Rxb6 Ke7 35. Rc6 Rb7 36. b4 Ra7 37. Rc3 Kf7 38. Kd2 Kg6 39. Kc2 Kf5 40. Kb3 g4 41. hxg4+ Kg5 42. b5 h3 43. gxh3 Kh4 44. Kb4 Kxh3 45. b6 Rh7 46. a4 Kg3 47. a5 Kf2 48. a6 Rh3 49. b7 Rxf3 50. Rxf3+ Kxf3 51. b8=Q 1-0

[Event "Olympiad Women 2024"]
[Site "Budapest HUN"]
[Date "2024.09.14"]
[Round "4.42"]
[Board "3"]
[White "Mbatha, Constance"]
[Black "Vasquez Jaen, Lourdes Lorena"]
[Result "1-0"]
[WhiteElo "1799"]
[BlackElo "1821"]
[PlyCount "143"]
[EventDate "2024.09.11"]
[WhiteTeam "Zambia"]
[BlackTeam "Panama"]
[WhiteTeamCountry "ZAM"]
[BlackTeamCountry "PAN"]

1. e4 c5 2. Nf3 g6 3. c3 d5 4. exd5 Qxd5 5. Be2 Bg7 6. O-O Nc6 7. Na3 Nf6 8. Nb5 ({RR} 8. Bc4 Qd8 9. Bxf7+ Kxf7 10. d4 cxd4 11. cxd4 Re8 12. Bg5 Kg8 13. Nc4 Bg4 14. Qb3 Qd5 15. Rad1 Bxf3 16. Bxf6 Bxg2 17. Rfe1 Bh1 {0-1 Dimitrijevic,A (1937)-Kiselev,P (2139) Titled Tue 19th Mar Late 2024 (6)}) 8... Qd8 9. d4 a6 10. Na3 $146 ({RR} 10. d5 Nb8 11. Na3 Qxd5 12. Qa4+ Bd7 13. Qc2 Bf5 14. Qa4+ b5 15. Qa5 O-O 16. Rd1 Qb7 17. Bf4 Nd5 18. Bxb8 Raxb8 19. Nh4 Nf4 20. Bf3 Be4 21. Nc2 Bf6 22. Re1 Nh3+ 23. Kf1 Bd3+ 24. Re2 Bxe2+ {0-1 Gimenez Jimenez,J (2007)-Quintin Navarro,A (2241) ESP-ch 78th Linares 2013 (3)}) 10... cxd4 11. cxd4 O-O 12. Be3 b5 13. Rc1 Bb7 14. Ne5 Nb4 15. Qb3 Qd5 16. Bf3 Qxb3 17. axb3 Bxf3 18. Nxf3 Nfd5 19. Nc2 Rac8 20. Nxb4 Nxb4 21. Bd2 Nc2 22. Bc3 b4 23. Rxc2 Rfd8 24. Rfc1 bxc3 25. bxc3 a5 26. Kf1 Rb8 27. Ra1 Rxb3 28. Rxa5 Rc8 29. c4 Rb4 30. Rc5 Rxc5 31. dxc5 Rb8 32. Ne1 Rc8 33. Nd3 Bd4 34. Ke2 Kg7 35. Ra2 Bxc5 36. Nxc5 Rxc5 37. Kd3 Kf6 38. Kd4 Rc7 39. Re2 e6 40. c5 Ke7 41. Kc4 Kd8 42. Ra2 Kc8 43. Ra6 Rb7 44. Ra2 Kc7 45. h4 h6 46. g4 g5 47. hxg5 hxg5 48. Ra8 Rb2 49. f3 Rb1 50. Ra7+ Rb7 51. Ra3 Rb1 52. Ra7+ Rb7 53. Ra8 Rb1 54. Rf8 Rc1+ 55. Kd4 Rd1+ 56. Ke5 Rd5+ 57. Kf6 Rxc5 58. Kxf7 Kd7 59. Kf6 Ra5 60. Rf7+ Kd6 61. Re7 Re5 62. Ra7 Re3 63. Ra6+ Kd7 64. Kxg5 Rxf3 65. Kg6 Rg3 66. g5 Ke7 67. Ra7+ Kf8 68. Kf6 Kg8 69. Re7 Re3 70. Re8+ Kh7 71. g6+ Kh6 72. Rh8# 1-0

[Event "Olympiad Women 2024"]
[Site "Budapest HUN"]
[Date "2024.09.14"]
[Round "4.42"]
[Board "4"]
[White "Carrillo Marval, Maria Angelica"]
[Black "Mwale, Naomi"]
[Result "1-0"]
[WhiteElo "1795"]
[BlackElo "1767"]
[PlyCount "35"]
[EventDate "2024.09.11"]
[WhiteTeam "Panama"]
[BlackTeam "Zambia"]
[WhiteTeamCountry "PAN"]
[BlackTeamCountry "ZAM"]

1. e4 e5 2. Nf3 Nc6 3. Bc4 Bc5 4. c3 Nf6 5. d3 h6 6. O-O O-O 7. d4 exd4 8. cxd4 Bb6 9. e5 Nh7 10. d5 Ne7 11. d6 ({RR} 11. Nc3 d6 12. e6 fxe6 13. dxe6 Kh8 14. Re1 c6 15. Be3 d5 16. Bxb6 axb6 17. Bb3 Qd6 18. Nd4 Rf6 19. Na4 Ra6 20. Qe2 Rxa4 21. Bxa4 Qb4 22. Bc2 Qxd4 23. Qd3 Qxd3 24. Bxd3 Ng5 25. Re2 Kg8 {0-1 Paksoy,B-Gun,E ch-TUR w 2024 (7.24)}) 11... Nc6 12. Nc3 Ng5 $146 ({RR} 12... Re8 13. Bf4 Nf8 14. Qd2 Ng6 15. Rfe1 Bc5 16. Bg3 b6 17. Qd5 Rf8 18. a3 Bb7 19. Qd3 a5 20. Qxg6 {1-0 Lazaridis Elmaloglou,L (1831)-Dimitriadis,C (1141) GRE-chT Online Rapid op 1st 2021 (1.18)}) ({RR} 12... cxd6 13. exd6 a6 14. Nd5 Ba7 15. Re1 Nf6 16. Ne7+ Kh8 17. Bf4 b5 18. Bb3 Bb7 19. Qd2 Qa5 20. Bxh6 Qxd2 21. Bxd2 Ng4 22. Re2 Nd4 23. Nxd4 Bxd4 24. Bc3 Bc5 25. Rd1 b4 26. Bxb4 Bxb4 27. Rd4 {1-0 Platon,C (1400)-Ruohonen,T (1400) IBCA-ol blind 13th 2008 (4.4)}) 13. Nxg5 hxg5 14. Qh5 Nxe5 15. Bxg5 Qe8 16. Nd5 cxd6 17. Nf6+ gxf6 18. Bxf6 1-0

[Event "Olympiad Women 2024"]
[Site "Budapest HUN"]
[Date "2024.09.14"]
[Round "4.43"]
[Board "1"]
[White "Georgina Sackie"]
[Black "February, Jesse Nikki"]
[Result "0-1"]
[WhiteElo "1688"]
[BlackElo "2013"]
[PlyCount "60"]
[EventDate "2024.09.11"]
[WhiteTeam "Liberia"]
[BlackTeam "South Africa"]
[WhiteTeamCountry "LBR"]
[BlackTeamCountry "RSA"]

1. c4 e6 2. g3 d5 3. Bg2 Nf6 4. d3 dxc4 5. Qa4+ Bd7 6. Qxc4 Bc6 7. Nf3 Nbd7 ({RR} 7... Bd5 8. Qa4+ Qd7 9. Qxd7+ Nbxd7 10. e4 Bc6 11. Nc3 O-O-O 12. Ke2 h6 13. Be3 e5 14. Bh3 Kb8 15. a3 a5 16. Nd2 Bc5 17. Nc4 Bxe3 18. fxe3 b6 19. b4 axb4 20. axb4 Rhe8 21. Ra3 h5 22. Rha1 {1-0 Chernyshov,K (2556)-Rudolf,A (2279) Cappelle op 23rd 2007 (3)}) 8. O-O Be7 9. b4 $146 ({RR} 9. Bd2 O-O 10. Nc3 Bxf3 11. Bxf3 Ne5 12. Qf4 Bd6 13. Qe3 Nfg4 14. Bxg4 Nxg4 15. Qe4 Ne5 16. Qxb7 Rb8 17. Qxa7 Rxb2 18. Rfd1 Bb4 19. Ne4 c5 20. Bxb4 cxb4 21. Rd2 Rxd2 22. Nxd2 Qd5 23. Nb3 Rc8 {1-0 Muehlbauer,W (1684)-Fink,M (1895) Regionalliga NO 9900 1999 (8.8)}) ({RR} 9. Nbd2 Nc5 10. b3 Qd5 11. Bb2 Qh5 12. Rac1 Ncd7 13. Rfe1 Rd8 14. h3 g5 15. g4 Qg6 16. e4 Rg8 17. Nd4 Ne5 18. Qc2 h5 19. Nxc6 Nxc6 20. e5 Nd5 21. a3 hxg4 22. hxg4 Rh8 23. Bxd5 Rxd5 {0-1 Mella,A-Norve,S NOR-chT east 1992 (5)}) 9... Nb6 10. Qb3 a6 11. Nc3 Nfd5 12. b5 axb5 13. Nxb5 O-O 14. Nbd4 Ba4 15. Qb2 c5 16. Nb3 Bf6 17. Ne5 c4 18. e4 Nb4 19. Nc5 Nxd3 20. Ncxd3 cxd3 21. f4 Nc4 22. Qc3 d2 23. Qxc4 d1=Q 24. Rxd1 Qxd1+ 25. Kf2 Bxe5 26. fxe5 Rfc8 27. Qf1 Rc2+ 28. Ke3 Rc3+ 29. Kf2 Qd4+ 30. Ke1 Rd3 0-1

[Event "Olympiad Women 2024"]
[Site "Budapest HUN"]
[Date "2024.09.14"]
[Round "4.43"]
[Board "2"]
[White "Badenhorst, Chloe"]
[Black "Meleh M. Davis"]
[Result "1-0"]
[WhiteElo "1981"]
[BlackElo "1602"]
[PlyCount "141"]
[EventDate "2024.09.11"]
[WhiteTeam "South Africa"]
[BlackTeam "Liberia"]
[WhiteTeamCountry "RSA"]
[BlackTeamCountry "LBR"]

1. e4 d6 2. d4 Nf6 3. Nc3 c6 4. Nf3 Bg4 5. h3 Bh5 6. Bd3 Nbd7 ({RR} 6... Qc7 7. g4 Bg6 8. e5 Bxd3 9. Qxd3 dxe5 10. dxe5 Nfd7 11. e6 Ne5 12. exf7+ Nxf7 13. Be3 g6 14. Nd4 Qd7 15. O-O-O Bg7 16. Qc4 Nd6 17. Qb3 Bxd4 18. Bxd4 Rf8 19. Rhe1 Na6 20. Kb1 Nc7 21. Be5 {1-0 Andreikin,D (2724)-Hess,R (2591) Titled Tuesday intern op 22nd June blitz 2021 (6)}) 7. Be3 ({RR} 7. g4 Bg6 8. e5 Bxd3 9. Qxd3 dxe5 10. dxe5 Nd5 11. Nxd5 Nc5 12. Nf6+ exf6 13. Qxd8+ Rxd8 14. exf6 gxf6 15. Be3 b6 16. Nd4 Kd7 17. Nf5 Ne6 18. Bd2 Bd6 19. O-O-O Kc7 20. Nxd6 Rxd6 21. Bc3 Rxd1+ {1-0 Berg,O (2199)-Hojgaard,S (1969) FAI-chT 2122 2021 (3.2)}) 7... e6 $146 ({RR} 7... e5 8. g4 Bg6 9. Qe2 Qc7 10. Nh4 exd4 11. Nxg6 hxg6 12. Bxd4 O-O-O 13. O-O-O Ne5 14. f4 Nxd3+ 15. Qxd3 Be7 16. e5 dxe5 17. fxe5 Ne8 18. Qf3 Bg5+ 19. Kb1 Qe7 20. Rhe1 a6 21. Ne4 Bh4 22. Rf1 {½-½ Brunelli,G (1978)-Quagliarella,S Milan Crespi op 25th 2004 (6)}) ({RR} 7... Qa5 8. Qd2 e5 9. g4 Bg6 10. O-O-O Be7 11. Kb1 O-O 12. Nh4 exd4 13. Bxd4 Nxe4 14. Bxe4 Bxe4 15. Nxe4 Qxd2 16. Rxd2 d5 17. Nf5 Bb4 18. c3 Ba5 19. Neg3 f6 20. b4 Bc7 21. Re2 Rfe8 22. Rhe1 {1-0 Jarabek,M (1744)-Krchnak,R (1821) SVK-chT4A21 1314 2013 (5.2)}) 8. Qe2 Be7 9. a3 Qb6 10. Rb1 Qa5 11. g4 Bg6 12. Nd2 O-O 13. f4 h6 14. h4 h5 15. g5 Ng4 16. Nc4 Qd8 17. e5 d5 18. Nd2 c5 19. Nf3 c4 20. Bxg6 fxg6 21. Nh2 Nxh2 22. Qxh2 Rb8 23. Qh3 Rf5 24. Ne2 Nf8 25. Ng3 Rf7 26. O-O b5 27. Bd2 a5 28. Rf3 b4 29. axb4 axb4 30. Rbf1 Qc8 31. Qg2 Ra8 32. Re3 Qc6 33. Qe2 Ra6 34. Bc1 Kh7 35. Qg2 Kg8 36. Qe2 Kh7 37. Qg2 Kg8 38. Qf3 Kh7 39. Qf2 Kg8 40. Qd2 Ra1 41. Qe2 Ra6 42. Qf3 Bd8 43. Bd2 Bb6 44. Ne2 Ra2 45. Bxb4 Rxb2 46. c3 Ra2 47. Ng3 Ra8 48. Qe2 Re8 49. Qc2 Bc7 50. Bxf8 Rexf8 51. Qxg6 Qe8 52. Nxh5 Kh8 53. Ref3 Re7 54. Qxe8 Rexe8 55. Ng3 g6 56. h5 Kg7 57. hxg6 Kxg6 58. Kg2 Rf7 59. Rh1 Rh7 60. Rxh7 Kxh7 61. Ne2 Kg6 62. Rh3 Re7 63. Rh6+ Kg7 64. Kf3 Re8 65. Kg4 Bd8 66. Kh5 Rh8 67. Rxh8 Kxh8 68. Kg6 Kg8 69. f5 exf5 70. Kxf5 Kf7 71. Nf4 1-0

[Event "Olympiad Women 2024"]
[Site "Budapest HUN"]
[Date "2024.09.14"]
[Round "4.43"]
[Board "3"]
[White "Abigail Karyah"]
[Black "Klaasen, Robyn Julian"]
[Result "1-0"]
[WhiteElo "1790"]
[BlackElo "1764"]
[PlyCount "115"]
[EventDate "2024.09.11"]
[WhiteTeam "Liberia"]
[BlackTeam "South Africa"]
[WhiteTeamCountry "LBR"]
[BlackTeamCountry "RSA"]

1. d4 d5 2. c4 e6 3. Nc3 Nf6 4. cxd5 Nxd5 5. e4 Nxc3 6. bxc3 c5 7. Nf3 cxd4 8. cxd4 Bb4+ 9. Bd2 Bxd2+ 10. Qxd2 O-O 11. Bc4 Nd7 12. O-O Qf6 $146 ({RR} 12... b6 13. d5 Nc5 14. Rad1 Bb7 15. Rfe1 exd5 16. exd5 Qd6 17. Nd4 a6 18. Qg5 Qg6 19. Qe5 Rad8 20. Nf5 Kh8 21. a3 f6 22. Qf4 Qg5 23. Qf3 Bc8 24. Ne3 Rd6 25. Ba2 b5 26. Rd2 Rfd8 27. Rc1 {0-1 Ahues,C-Potucek,L Trentschin Teplitz 1941 (5)}) ({RR} 12... b6 13. Qe3 Bb7 14. e5 Qe7 15. Ng5 Rfc8 16. Bd3 Nf8 17. Ne4 Bxe4 18. Bxe4 Rab8 19. f4 g6 20. Kh1 Qb4 21. Rac1 Rxc1 22. Rxc1 Rd8 23. Rd1 Qc4 24. a3 h5 25. h3 h4 26. Kh2 Rd7 27. Bf3 {1-0 Aronian,L (2815)-Ivanchuk,V (2766) Beijing Sportaccord blitz 2012 (11)}) ({RR} 12... b6 13. Qe2 Bb7 14. e5 Re8 15. Ba6 Bxa6 16. Qxa6 Nf8 17. Rfc1 Ng6 18. a4 Nf4 19. Rc6 h6 20. Rac1 Qd5 21. Qc4 Qe4 22. Qc2 Qxc2 23. R6xc2 Nd3 24. Rd1 Rac8 25. Rxc8 Rxc8 26. Kf1 Nf4 27. g3 {0-1 Mosny,K (2025)-Czarnota,P (2501) Bydgoszcz Open A 2024 (2.18)}) ({RR} 12... b6 13. Qf4 Bb7 14. Rfe1 Rc8 15. Bb3 Qc7 16. Ne5 Qd6 17. Ng6 Qxf4 18. Nxf4 Rfd8 19. Rad1 b5 20. Nxe6 fxe6 21. Bxe6+ Kf8 22. d5 Rc2 23. e5 g6 24. Re3 Nc5 25. Rf3+ Kg7 26. Rf7+ Kh6 27. h4 {0-1 Milan,M-Foltys,J Trentschin Teplitz 1941 (9)}) 13. Rfd1 Nb6 14. Bb3 Rd8 15. Qe2 h6 16. Rac1 Qe7 17. Ne5 Qe8 18. Rc7 Bd7 19. Rxb7 Kh7 20. Qf3 f6 21. Nxd7 Rxd7 22. Rxd7 Qxd7 23. d5 e5 24. Rc1 Rc8 25. Qd1 Qd6 26. h3 Rd8 27. Qd2 Nc8 28. Qa5 Qb6 29. Qxb6 Nxb6 30. Rc7 Nc8 31. Kf1 h5 32. Ke2 Kg8 33. Kd3 Kf8 34. f3 g5 35. Rh7 h4 36. Kc4 Nd6+ 37. Kc5 Nf7 38. d6 Rc8+ 39. Kd5 Kg8 40. d7 Rd8 41. Kc6 Kxh7 42. Bxf7 Kg7 43. Kc7 Rxd7+ 44. Kxd7 Kxf7 45. Kd6 Kg6 46. Ke6 Kg7 47. Ke7 Kg6 48. Kf8 a5 49. a4 f5 50. Ke7 g4 51. Ke6 fxe4 52. fxe4 Kg5 53. Kxe5 g3 54. Kd4 Kf6 55. Kd5 Ke7 56. Ke5 Ke8 57. Ke6 Kd8 58. Kf7 1-0

[Event "Olympiad Women 2024"]
[Site "Budapest HUN"]
[Date "2024.09.14"]
[Round "4.43"]
[Board "4"]
[White "Strong, Davida"]
[Black "Princess K. Banney"]
[Result "1-0"]
[WhiteElo "1733"]
[BlackElo "1447"]
[PlyCount "49"]
[EventDate "2024.09.11"]
[WhiteTeam "South Africa"]
[BlackTeam "Liberia"]
[WhiteTeamCountry "RSA"]
[BlackTeamCountry "LBR"]

1. d4 d5 2. c4 c6 3. e3 Nf6 4. Nc3 Bf5 5. cxd5 cxd5 6. Qb3 Qd7 7. Bb5 Nc6 8. Nf3 e6 9. Ne5 Qc7 10. Qa4 Rc8 11. Qxa7 Bd6 12. Bxc6+ ({RR} 12. Nxc6 bxc6 13. Qxc7 Rxc7 14. Ba4 Ke7 15. Bd2 Rb8 16. Bb3 Bd3 17. f3 c5 18. dxc5 Bxc5 19. Kf2 Bc4 20. Bxc4 Rxb2 21. Ke2 Bb4 22. Rab1 Rxd2+ 23. Kxd2 Rxc4 24. Rhc1 d4 25. exd4 Nd5 26. Rxb4 Rxb4 {½-½ Kravchenko,L (2015)-Dovgaliuk,O (2034) Artem Sachuk Mem 2024 (9.5)}) 12... bxc6 13. Qxc7 Rxc7 14. a3 $146 ({RR} 14. f4 Ne4 15. g4 Nxc3 16. gxf5 Ne4 17. fxe6 fxe6 18. Bd2 Bxe5 19. fxe5 O-O 20. Ba5 Rb7 21. b4 Rf3 22. O-O-O Rxe3 23. Rhe1 Ra3 24. Re2 Nc3 25. Re3 Nxa2+ 26. Kd2 Rxe3 27. Kxe3 Nxb4 28. Rc1 Kf7 {0-1 Lee,R (1615)-Gantsogt,B Asia Cup U14 2019 (5.3)}) ({RR} 14. O-O c5 15. Nb5 Rd7 16. Nxd7 Kxd7 17. Nxd6 Kxd6 18. dxc5+ Kxc5 19. a3 Ne4 20. f3 Nd6 21. Bd2 Nc4 22. b4+ Kb6 23. Rf2 Ra8 24. a4 f6 25. Bc3 e5 26. f4 e4 27. Bd4+ Kb7 28. h3 Bd7 {1-0 Schindel,M (1621)-Liebler,J (1711) Unterfranken-ch HA 56th 2005 (6)}) 14... c5 15. Nb5 Ke7 16. Nxc7 Bxc7 17. Bd2 cxd4 18. Bb4+ Ke8 19. exd4 Bxe5 20. dxe5 Nd7 21. Rc1 Nb6 22. Rc6 Kd7 23. Rd6+ Kc7 24. Ba5 Rb8 25. Ke2 1-0

[Event "Olympiad Women 2024"]
[Site "Budapest HUN"]
[Date "2024.09.14"]
[Round "4.44"]
[Board "1"]
[White "Martynkova, Olena"]
[Black "Feng, Eunice"]
[Result "0-1"]
[WhiteElo "2176"]
[BlackElo "1974"]
[PlyCount "106"]
[EventDate "2024.09.11"]
[WhiteTeam "Lithuania"]
[BlackTeam "Hong Kong, China"]
[WhiteTeamCountry "LTU"]

1. d4 d5 2. Nf3 Nf6 3. c4 c6 4. Nc3 dxc4 5. a4 Bf5 6. e3 e6 7. Bxc4 Bb4 8. O-O Nbd7 9. Qe2 Bg6 10. Rd1 O-O 11. Bd3 Bxd3 12. Qxd3 Qe7 13. Na2 ({RR} 13. Ne4 c5 14. Bd2 Nxe4 15. Qxe4 Nf6 16. Qd3 cxd4 17. Nxd4 Bxd2 18. Rxd2 Rfd8 19. Rad1 Qb4 20. Qb5 Qxb5 21. Nxb5 Rxd2 22. Rxd2 Kf8 23. Kf1 Ke7 24. Rc2 a6 25. Nd4 Rd8 26. Ke2 Nd5 27. h4 h5 {½-½ Radjabov,T (2747)-Goryachkina,A (2576) Crocus City Stars Rapid 2023 (9.5)}) ({RR} 13. e4 e5 14. Bg5 h6 15. Bh4 Rad8 16. dxe5 Nxe5 17. Qe2 Rfe8 18. Nd4 Ng6 19. Nf5 Qe6 20. Bxf6 Qxf6 21. Rxd8 Rxd8 22. Qc2 Nf4 23. g3 Ne6 24. Ne2 Rd2 25. Qc4 Qxb2 26. Re1 Rc2 {0-1 Li,T (1917)-Yurasov,M (2152) Titled Tue 2nd Jan Late 2024 (2)}) 13... Bd6 14. a5 $146 ({RR} 14. e4 e5 15. Bg5 Rfd8 16. Nc3 exd4 17. Nxd4 Bxh2+ 18. Kh1 Be5 19. Nf5 Qe6 20. Kg1 Re8 21. f4 Nc5 22. Qh3 Bxc3 23. Rd6 Bd4+ 24. Rxd4 Ncxe4 25. Rad1 Nd5 26. Bh4 Nd6 27. Nxd6 Qxd6 28. Bf2 Re6 {0-1 Vlahos,G (2155)-Frendzas,P (2340) Heraklion ESSNA op 1998 (7)}) ({RR} 14. e4) 14... Rfd8 15. Qe2 e5 16. dxe5 Nxe5 17. a6 Nxf3+ 18. Qxf3 bxa6 19. Nc3 Qb7 20. g3 Be5 21. Qe2 c5 22. f3 c4 23. e4 Rxd1+ 24. Nxd1 Rd8 25. Ne3 Qb5 26. Kg2 Rd3 27. Qc2 c3 28. b3 Rd7 29. Nc4 Bd4 30. Bf4 h6 31. Rd1 Qc5 32. Bd6 Rxd6 33. Nxd6 Qxd6 34. Qxc3 Qxg3+ 35. hxg3 Bxc3 36. Rd8+ Kh7 37. Rd6 a5 38. Kf2 Bb4 39. Rd8 Bc5+ 40. Ke2 Nh5 41. g4 Nf4+ 42. Kd2 g6 43. Rc8 Bb6 44. e5 Ne6 45. Kc3 Bd4+ 46. Kc4 Bxe5 47. Kd5 Bf4 48. Ke4 h5 49. gxh5 gxh5 50. Kf5 h4 51. Kg4 Bg3 52. Ra8 Kg6 53. Rxa7 f5+ 0-1

[Event "Olympiad Women 2024"]
[Site "Budapest HUN"]
[Date "2024.09.14"]
[Round "4.44"]
[Board "2"]
[White "Lou, Yuxin"]
[Black "Baginskaite, Kamile"]
[Result "1/2-1/2"]
[WhiteElo "1654"]
[BlackElo "2103"]
[PlyCount "124"]
[EventDate "2024.09.11"]
[WhiteTeam "Hong Kong, China"]
[BlackTeam "Lithuania"]
[BlackTeamCountry "LTU"]

1. d4 Nf6 2. c4 e6 3. Nc3 Bb4 4. Nf3 d5 5. Bg5 h6 6. Bxf6 Qxf6 7. cxd5 exd5 8. Qb3 c5 9. e3 O-O 10. a3 Bxc3+ 11. Qxc3 b6 ({RR} 11... Nd7 12. Be2 b6 13. O-O Bb7 14. Rac1 c4 15. Nd2 b5 16. Bf3 Qe7 17. Qa5 Bc6 18. b3 Qd6 19. bxc4 bxc4 20. Nb1 Rab8 21. Nc3 Rb3 22. Nxd5 Rxa3 23. Qc7 Qxc7 24. Nxc7 Bxf3 25. gxf3 Nb6 26. Nb5 {½-½ Shirov,A (2691)-Giri,A (2768) Hoogeveen Unive m1 2014 (3)}) ({RR} 11... c4 12. b3 Be6 13. bxc4 dxc4 14. Nd2 Rc8 15. Be2 Nd7 16. Bf3 Rab8 17. O-O b5 18. Qb4 Qd8 19. e4 a5 20. Qb1 f6 21. d5 Ne5 22. Bh5 Bg4 23. Bxg4 Nxg4 24. Nf3 Qb6 25. Qb2 b4 26. axb4 {1-0 Wang,C (2278)-Velikic,A (2288) Belt and Road Int Women 2024 (7.16)}) 12. Rc1 c4 13. Be2 $146 ({RR} 13. Ne5 Nc6 14. Be2 Bf5 15. O-O Rfe8 16. f4 Qd6 17. Bf3 Na5 18. g4 Bh7 19. f5 f6 20. Ng6 Bxg6 21. fxg6 Re6 22. Rce1 Rd8 23. Kg2 Nc6 24. h4 b5 25. Re2 Rde8 26. Rfe1 Qd7 27. Kf1 a5 {0-1 Dao,T (2482)-Zhang,Z (2614) Ho Chi Minh City zt 3.3 2015 (9)}) 13... Nc6 14. O-O Re8 15. Bd1 b5 16. b3 Bg4 17. h3 Bh5 18. Re1 Re7 19. Nd2 Bxd1 20. Rcxd1 Rae8 21. Nf1 Qd6 22. bxc4 bxc4 23. Ng3 Rb7 24. e4 Rb3 25. Qc2 g6 26. exd5 Rxe1+ 27. Rxe1 Qxd5 28. Rc1 c3 29. Ne4 Qc4 30. Nd2 cxd2 31. Qxc4 dxc1=Q+ 32. Qxc1 Nxd4 33. Qd1 Nf3+ 34. gxf3 Rxa3 35. Qd8+ Kg7 36. Kg2 Ra4 37. Qe8 Ra5 38. f4 h5 39. Qc8 Rf5 40. Kg3 a5 41. Qc3+ Kh7 42. Qc4 Kg7 43. Qd4+ Kh7 44. Kf3 Kg8 45. Qd8+ Kg7 46. Ke4 Rb5 47. h4 Rf5 48. Qb8 Rc5 49. Kd4 Rf5 50. Ke3 Rd5 51. Qb6 Rf5 52. Qc6 Kh7 53. Ke4 Kg7 54. Qc3+ Kh7 55. Qa3 Kg7 56. Qa4 Kh7 57. Qd7 Kg7 58. Qd4+ Kh7 59. Qd8 Kg7 60. Qd4+ Kh7 61. Qd8 Kg7 62. Qd4+ Kh7 1/2-1/2

[Event "Olympiad Women 2024"]
[Site "Budapest HUN"]
[Date "2024.09.14"]
[Round "4.44"]
[Board "3"]
[White "Simkunaite, Gabija"]
[Black "Leung, Hoi Ting"]
[Result "1-0"]
[WhiteElo "2005"]
[BlackElo "1619"]
[PlyCount "81"]
[EventDate "2024.09.11"]
[WhiteTeam "Lithuania"]
[BlackTeam "Hong Kong, China"]
[WhiteTeamCountry "LTU"]

1. e4 e6 2. d4 d5 3. exd5 exd5 4. Nf3 Nf6 5. Bd3 Bd6 6. Qe2+ Qe7 7. Qxe7+ Bxe7 8. Bf4 c6 9. Nbd2 Be6 10. O-O h6 11. Rfe1 Nbd7 12. Bg3 O-O 13. c3 Rfe8 14. Re2 Nh5 15. Rae1 Nxg3 16. hxg3 Kf8 17. Nh4 Bxh4 18. gxh4 Bg4 $146 ({RR} 18... Nf6 19. g3 Bg4 20. f3 Bd7 21. Nb3 b6 22. Kf2 Rxe2+ 23. Rxe2 Re8 24. Rd2 Re7 25. Nc1 Ne8 26. Ne2 Nd6 27. Nf4 Bf5 28. Bf1 g5 29. hxg5 hxg5 30. Ng2 Kg7 31. Ne3 Bg6 32. Ng4 f6 33. b3 {½-½ Xu,Y (2100)-Filatov,L (2400) National op Las Vegas 1997 (6)}) 19. f3 Rxe2 20. Rxe2 Be6 21. Nb3 a5 22. a4 b6 23. Kf2 Re8 24. Nc1 Nf6 25. b4 axb4 26. cxb4 Bd7 27. Ra2 Ra8 28. a5 bxa5 29. bxa5 Ra7 30. a6 Ke7 31. Rb2 Bc8 32. Nb3 Kd6 33. Nc5 Nd7 34. Bf5 Nxc5 35. dxc5+ Kxc5 36. Bxc8 d4 37. Bb7 Kc4 38. Rc2+ Kb3 39. Rxc6 d3 40. Ke3 d2 41. Kxd2 1-0